000 00494nam a2200169 a 4500
001 000036336
005 20200930075656.0
008 120113s1987 sp a 000 0 spa d
020 _a8434524767
040 _aDO-SdBNP
_bspa
_cBNPHU
082 _axxx
_bS642d
100 1 _aSmith, Graham
_962503
245 1 0 _aDolor agudo /
_cGraham Smith, Benjamin G. Covino.
260 _aBarcelo, EspaƱa :
_bSalvat Editores,
_c1987.
300 _a292 p. :
_bil. ;
_c24cm.
700 1 _aCovino, Benjamin G.
_962504
999 _c35827
_d35827